Quizzes
Events
Quiz Creation
Community
Videos
Private Events
Remove Ads
Sign In
Join for FREE
Feedback
Dark Mode
Quiz Categories
Sports
Geography
Music
Movies
Television
Just For Fun
Miscellaneous
History
Literature
Language
Science
Gaming
Entertainment
Religion
Holiday
For Kids
Quiz Lab
Recent
Popular Today
Quiz Kudos Today
Editor Picks
Curator Picks
Quizzes by...
Day
Popularity
Type
Ratings
Length
Year
Community
Subscriptions
Recent Discussions
Orange Saloon
Badges
Playlists
Quests
Create
Leaderboards
Showdown
Live 5
Trivia Bingo
Activity
Puzzle Library
Sporcle Events
Private Events
Virtual Trivia
Globe League
Become a Host
Pub Owners
SporcleCon
Opinionation
Our Games
Videos
Blog
Mobile Apps
Partnerships
Remove Ads and Go Orange
Feedback
Sports
Athletes
MLB
NBA
NHL
NFL
Soccer
Sports Teams
WWE
NCAA
Football
Premier League
Basketball
Baseball
Hockey
Golf
Tennis
Cricket
Rugby
Auto Racing
Olympics
World Cup
Sports
Athletes
MLB
NBA
NHL
NFL
Soccer
Sports Teams
WWE
NCAA
Football
Premier League
Basketball
Baseball
Hockey
Golf
Tennis
Cricket
Rugby
Auto Racing
Olympics
World Cup
Random Quiz
Search Sporcle
×
Quiz Lab
Quiz Lab
Sports
Pay
Type in answers that appear in a list
Type in answers that appear in a list
Classic
Best Score? Go Orange.
Les buteurs du Racing (par pays) Stats
Pouvez-vous citer toutes les nationalités des buteurs du Racing en championnat (depuis 2000/01) ?
By
1RacingDatabase
4m
25 Questions
148 Plays
148 Plays
148 Plays
Comments
Comments
Give Quiz Kudos
Give Quiz Kudos
-
- Ratings
hide this ad
More Info
Replay
Link that replays current quiz
Next Quiz
Link to next quiz in quiz playlist
You Got
0%
They Got
Avg Score
49%
Avg Friend Score
Upgrade to see
Score Distribution
Jump to the score distribution portion of the page
Score
0/25
Timer
04:00
0
Plays Today
Nombre de buts
Pays
% Correct
434
France
99.3%
31
Maroc
86.5%
16
Tunisie
78.4%
45
Sénégal
70.9%
18
Brésil
70.9%
10
Algérie
70.9%
9
Cameroun
68.9%
9
Suède
61.5%
7
Belgique
60.8%
9
Colombie
54.7%
9
Mali
50.7%
40
Serbie
45.9%
22
Côte d'Ivoire
45.9%
Nombre de buts
Pays
% Correct
22
Gabon
43.2%
1
Luxembourg
43.2%
2
Autriche
42.6%
8
Bulgarie
33.1%
1
République Tchèque
32.4%
8
Congo
31.1%
12
Guinée
30.4%
5
Uruguay
27.7%
3
Nigéria
23%
1
Zambie
21.6%
4
Zimbabwe
18.9%
1
Bénin
16.2%
Quiz Playlist
Details
Report
Send in Message
Add To Playlist
More Info:
N'oubliez pas de partager votre résultat ou de simplement nous le donner sur nos réseaux sociaux : @1RacingDatabase (Facebook/Twitter)
Classic:
Type in answers that appear in a list
Last Updated: Mar 27, 2017
Quiz Scoreboard
CHALLENGE
Sign Up to Join the Scoreboard
Show All
Scores
Hide
Comments
May contain spoilers
Recently Published
9x9 Crossword: Cartoon Network
by jackfrog10
Miscellaneous
3m
College Basketball Coaching Resumes
by pancakes188
Sports
9m
Billboard Blitz: Fleetwood Mac
by CooCooCachoo
Music
15s
More to Explore
Quiz From the Vault
Featured Blog Post
Where Did the Easter Bunny Come From?
hide this ad
You Might Also Like...
Tags
des
les
Nationality
nombre
Outer
Pay
Racing
route
Today's Top Quizzes in Sports
Browse Sports
hide this ad
Today's Top Quizzes in Pay
Browse Pay
Top Contributed Quizzes in Sports
1
2022 World Cup Stars
2
Les meilleurs buteurs des matchs entre le PSG et l’OM
3
FIFA Club World Cup Champions
4
Les entraîneurs de l'OM et du PSG au 21e siècle
5
Criteria MLB: Left Handed Sluggers
6
AFC Teams Reveal (Wrong Answers Minefield)
7
2023 MLB Unique Player Accomplishments
8
Players with Multiple 50 Home Run Seasons
9
5-to-1: FBS Animal Nicknames
10
5-to-1: UK Sports Teams
Explore More
Trending Topics
Anime
Marvel
Kpop
Crossword
Harry Potter
Disney
NBA
Pokémon
Country
Soccer
Puzzle
Song
NFL
WWE
The Office
hide this ad
More By:
1RacingDatabase
Quiz
Plays
Rating
Category
Featured
Created
Championnat | Gardiens de buts RC Strasbourg
1,136
5.00
Sports
Jun 28, 2018
Championnat | Coups francs directs RC Strasbourg
743
5.00
Sports
Apr 10, 2020
Les 37 joueurs du RC Strasbourg en 2018
726
5.00
Sports
Dec 27, 2018
Les capitaines du RC Strasbourg
633
5.00
Sports
Aug 9, 2017
Les meilleurs buteurs RC Strasbourg
546
5.00
Sports
Apr 9, 2020
Go to Creator's Profile
Score Distribution
Quiz Creator Spotlight
1RacingDatabase
Follow
Send a Message
Quizzes Created
-
Created Quiz Play Count
-
More By This Creator
Popular Quizzes Today
1
Find the US States - No Outlines Minefield
2
Find the Countries of Europe - No Outlines Minefield
3
The Countries of the World
4
Find the US States
5
Risky Map Clicking: Biggest States A-Z
6
US States
7
Popular People in 1961
8
Movies - When Are They Set?
More Sports Quizzes
Blackboard Blitz: MLB Teams
Published
Trending Quizzes
Risky Map Clicking: Least Populous States A-Z
1-10 Letter G Words
1-10 Letter F Words
Risky Map Clicking: Next State Alphabetically
Adjectives in 80s TV Shows
Recently Updated
Leaping Animals
pecheneg
Reality TV Shows (A-Z)
bhenderson79
Rickey Henderson's Hall of Fame Teammates
pecheneg
Champions League XIs: Arsenal
pecheneg
Quick Pick: Celebrities in WWE's Hall of Fame
aduchscher
A-Z Keypad Blitz II
pecheneg
Multiple Oscar Actors
pecheneg
Mystery Phrase Blitz: Oscar 'Best Actors'
pecheneg
F. Scott Fitzgerald Novels
LTH
Pick 3 Villains
ddd62291
Trending Topics
Anime
Crossword
Disney
Harry Potter
NBA
Kpop
Marvel
WWE
Puzzle
Pokémon
Soccer
NFL
The Office
Country
Song
Your Account Isn't Verified!
In order to create a playlist on Sporcle, you need to verify the email address you used during registration. Go to your
Sporcle Settings
to finish the process.
Report this User
Report this user for behavior that violates our
Community Guidelines
.
Details:
Send Report
Go to the Sporcle.com Mobile Site →
Comments